International Flags - Statistics

General Stats
  • This quiz has been taken 65 times
  • The average score is 6 of 10
Answer Stats
Picture Answer % Correct
European Union
87%
Olympics
87%
United Nations
87%
Red Cross
83%
African Union
67%
Arab League
43%
Red Crescent
37%
Association of Southeast Asian Nations
27%
Commonwealth of Nations
20%
Organization of American States
20%
No matching quizzes found
Score Distribution
Percent of People with Each Score
Percentile by Number Answered
Your Score History
You have not taken this quiz